000 00469nam a2200181Ia 4500
001 25158
005 20260414151131.0
008 260414t1999||||xx |||||||||||||| ||spa||
041 _aESP
082 _a346.241
_bE356
100 _aElóseguin Itxaso, María
_eAUT
245 0 _aLa transexualidad :
_bjurisprudencia y argumentación jurídica
260 _c1999
300 _a379 páginas :
_c21 cm.
650 _aDER
654 _aCDE
942 _cLIB
_dJUS
_fJUS
_2ddc
_n
999 _c25158
_d25158